|
|
|
|
| LEADER |
00000ngm a2200000 i 4500 |
| 001 |
IT\ICCU\RAV\1097490 |
| 003 |
ItRI |
| 005 |
20260124182822.0 |
| 008 |
030417s2001 it |||||||||||||||k|||||c |
| 024 |
3 |
1 |
|a 8010020086382
|
| 028 |
4 |
2 |
|a D086308
|
| 040 |
|
|
|b ita
|
| 041 |
|
7 |
|a ita
|2 ISO-639-2
|
| 082 |
|
|
|a 791.43
|9 CINEMA
|2 12
|
| 130 |
3 |
|
|a Le fate ignoranti <film ; 2001>
|3 IT\ICCU\RAV\1097503
|
| 245 |
0 |
3 |
|a Le fate ignoranti /
|c un film di Ferzan Ozpetek ; musica di Andrea Guerra. - Segrate : Medusa video [distributore], [2001]. - 1 DVD (106 min.) : color., sonoro ((Codice area: 2; sistema e formato video: PAL, panoramico, 1.66:1, ottimizzato per TV 16:9; formato audio: Dolby digital 5.1. - Tit. del contenitore. - Ripr. del film del 2001, Italia; interpreti Margherita Buy, Stefano Accorsi, Serra Yilmaz, Andrea Renzi, Gabriel Garko, Rosaria De Cicco, Erica Blanc, Filippo Nigro. - Lingue: italiano; sottotitoli: inglese, francese, tedesco, italiano per non udenti. - Contenuti extra: backstage, scena virtuale, videoclip dei Tiromancino, trailer, biografie e filmografie.
|
| 246 |
1 |
3 |
|a Le fate ignoranti <risorsa elettronica>
|9 IT\ICCU\RAV\1097502
|
| 700 |
1 |
|
|a Guerra, Andrea,
|d (1961-
|c compositore)
|0 IT\ICCU\PUVV\395082
|
| 700 |
1 |
|
|a Buy, Margherita
|0 IT\ICCU\RAVV\092960
|
| 700 |
1 |
|
|a Accorsi, Stefano
|0 IT\ICCU\RAVV\222111
|
| 700 |
1 |
|
|a Renzi, Andrea,
|d (1963- )
|0 IT\ICCU\RAVV\244580
|
| 700 |
1 |
|
|a Yilmaz, Serra
|0 IT\ICCU\RAVV\344540
|
| 700 |
1 |
|
|a Garko, Gabriel
|0 IT\ICCU\RAVV\344541
|
| 700 |
1 |
|
|a De Cicco, Rosaria
|0 IT\ICCU\RAVV\344544
|
| 700 |
1 |
|
|a Nigro, Filippo,
|d (1970- )
|0 IT\ICCU\RAVV\344546
|
| 700 |
1 |
|
|a Ozpetek, Ferzan
|0 IT\ICCU\REAV\096588
|
| 700 |
1 |
|
|a Blanc, Erika,
|d (1942- )
|0 IT\ICCU\UBOV\681155
|
| 710 |
2 |
|
|a Tiromancino (gruppo musicale)
|0 IT\ICCU\RAVV\271255
|
| 790 |
1 |
|
|a Oliviero, Dario
|3 IT\ICCU\SBNV\026183
|z Garko, Gabriel
|
| 790 |
1 |
|
|a De Cicco, Maria Rosaria
|3 IT\ICCU\SBNV\025713
|z De Cicco, Rosaria
|
| 790 |
1 |
|
|a Özpetek, Ferzan
|3 IT\ICCU\CFIV\339778
|z Ozpetek, Ferzan
|
| 790 |
1 |
|
|a Blanc, Erica
|3 IT\ICCU\SBNV\025151
|z Blanc, Erika (1942- )
|
| 790 |
1 |
|
|a Bianchi Colombatto, Enrica
|3 IT\ICCU\SBNV\025152
|z Blanc, Erika (1942- )
|
| 942 |
|
|
|2 ddc
|c VM
|n 0
|
| 952 |
|
|
|0 0
|1 0
|4 0
|6 VO_1398_000000000000000
|7 0
|9 26871
|a BO
|b BO
|d 2026-01-24
|i 10866
|l 0
|o VO 1398
|p BO10866
|r 2026-01-24 18:28:22
|w 2026-01-24
|x [Sebina 5] [1 dvd]
|y VM
|z 1 dvd
|
| 952 |
|
|
|0 0
|1 0
|4 0
|6 VO_2287_000000000000000
|7 0
|9 26872
|a BO
|b BO
|d 2026-01-24
|i 18516
|l 0
|o VO 2287
|p BO18516
|r 2026-01-24 18:28:22
|w 2026-01-24
|x [Sebina 5] [1 v.]
|y VM
|z 1 v.
|
| 952 |
|
|
|0 0
|1 0
|4 0
|6 VO_2087_000000000000000
|7 0
|9 26873
|a BO
|b BO
|d 2026-01-24
|i 16993
|l 0
|o VO 2087
|p BO16993
|r 2026-01-24 18:28:22
|w 2026-01-24
|x [Sebina 5] [1 dvd]
|y VM
|z 1 dvd (3. copia)
|
| 952 |
|
|
|0 0
|1 0
|4 0
|6 VO_1604_000000000000000
|7 0
|9 26874
|a BO
|b BO
|d 2026-01-24
|i 12162
|l 0
|o VO 1604
|p BO12162
|r 2026-01-24 18:28:22
|w 2026-01-24
|x [Sebina 5] [1 dvd]
|y VM
|z 1 dvd
|
| 999 |
|
|
|c 22730
|d 22730
|